<?xml version="1.0" encoding="UTF-8"?><?xml-stylesheet type="text/xsl" href="static/style.xsl"?><OAI-PMH xmlns="http://www.openarchives.org/OAI/2.0/" xmlns:xsi="http://www.w3.org/2001/XMLSchema-instance" xsi:schemaLocation="http://www.openarchives.org/OAI/2.0/ http://www.openarchives.org/OAI/2.0/OAI-PMH.xsd"><responseDate>2026-04-13T13:40:22Z</responseDate><request verb="GetRecord" identifier="oai:www.recercat.cat:2445/150327" metadataPrefix="marc">https://recercat.cat/oai/request</request><GetRecord><record><header><identifier>oai:recercat.cat:2445/150327</identifier><datestamp>2025-11-20T14:08:43Z</datestamp><setSpec>com_2072_1057</setSpec><setSpec>col_2072_478819</setSpec><setSpec>col_2072_478917</setSpec></header><metadata><record xmlns="http://www.loc.gov/MARC21/slim" xmlns:dcterms="http://purl.org/dc/terms/" xmlns:xsi="http://www.w3.org/2001/XMLSchema-instance" xmlns:doc="http://www.lyncode.com/xoai" xsi:schemaLocation="http://www.loc.gov/MARC21/slim http://www.loc.gov/standards/marcxml/schema/MARC21slim.xsd">
   <leader>00925njm 22002777a 4500</leader>
   <datafield ind2=" " ind1=" " tag="042">
      <subfield code="a">dc</subfield>
   </datafield>
   <datafield ind2=" " ind1=" " tag="720">
      <subfield code="a">Cruz Piñol, Mar</subfield>
      <subfield code="e">author</subfield>
   </datafield>
   <datafield ind2=" " ind1=" " tag="260">
      <subfield code="c">2020-02-14T15:28:51Z</subfield>
   </datafield>
   <datafield ind2=" " ind1=" " tag="260">
      <subfield code="c">2019-12-02</subfield>
   </datafield>
   <datafield ind2=" " ind1=" " tag="260">
      <subfield code="c">2020-02-14T15:28:51Z</subfield>
   </datafield>
   <datafield ind2=" " ind1=" " tag="260">
      <subfield code="c">info:eu-repo/date/embargoEnd/2099-01-01</subfield>
   </datafield>
   <datafield ind2=" " ind1=" " tag="520">
      <subfield code="a">Si bien hasta hace relativamente poco solo aquellas personas que orientaban su futuro hacia la carrera universitaria se planteaban escribir una tesis, en los últimos cuarenta años la situación ha ido cambiando, hasta el punto de que hoy en día la mayor parte de los graduados acaba completando su formación con un máster que, como tarea final, les exige la elaboración de un trabajo de investigación (conocido como TFM, siglas de "Trabajo/tesis final de máster"), e incluso algunos continúan su formación con una tesis doctoral (TD). Esta nueva concepción de los estudios universitarios ha generado la necesidad de formar a los alumnos no solo en los contenidos teóricos, sino también en los métodos y las estrategias esenciales para desarrollar un trabajo de investigación que cumpla con los requisitos que establezca el programa de máster o de doctorado.</subfield>
   </datafield>
   <datafield tag="653" ind2=" " ind1=" ">
      <subfield code="a">Ressenyes (Documents)</subfield>
   </datafield>
   <datafield tag="653" ind2=" " ind1=" ">
      <subfield code="a">Reviews (Documents)</subfield>
   </datafield>
   <datafield ind2="0" ind1="0" tag="245">
      <subfield code="a">Reseña de Santos, Isabel; Hernando, Alicia. 2018. Cómo hacer un buen TFM en enseñanza del español como lengua extranjera. Madrid: Arco Libros - La Muralla.</subfield>
   </datafield>
</record></metadata></record></GetRecord></OAI-PMH>